000 00285nam a22001097a 4500
008 160622b xxu||||| |||| 00| 0 eng d
100 _9366
_a Buddle, P,
245 _aAir Patrol and the Saboteurs
260 _bRigby Ltd.
_c1973
300 _aAir Patrol and the Saboteurs
942 _2ddc
_cBK
999 _c298
_d298